Pays en R en 1 minute - Statistiques

Statistiques générales
  • Ce quiz a été pris 500 fois
    480 depuis la dernière actualisation
  • Le résultat moyen est 5 sur 8
Statistiques - réponses
Pays en "R" % Correct
Roumanie
91%
Rwanda
89%
Russie
80%
République démocratique du Congo
51%
République tchèque
47%
République Dominicaine
39%
Royaume-Uni
33%
République centrafricaine
29%
Aucun quiz correspondant
Distribution des résultats
% des personnes avec chaque résultat
Percentile par nombre de réponses
Votre historique - résultats
Vous n’avez pas pris ce quiz depuis la dernière actualisation